| 000 | 01083nam a22003377a 4500 | ||
|---|---|---|---|
| 001 | 0001497 | ||
| 003 | KOHA_MİRAKIL | ||
| 005 | 20260207001243.0 | ||
| 007 | ta | ||
| 008 | 090217b2009 tu |||gr||||#||||0|tur | | ||
| 020 |
_a9786051061016 _cTL,01 |
||
| 040 |
_aTR-BiSEU _btur _cTR-BiSEU _erda |
||
| 041 | 0 | _atur | |
| 044 | _ctu | ||
| 050 |
_aQA76.73.C15 _bO95 2009 |
||
| 100 | 1 | _aÖzkan, Yalçın. | |
| 245 | 1 |
_aC ile programlama : _bNesneye yönelik programlama/ _cYalçın Özkan ; Yalçın Özkan; editör Ayşe D. Tüzel. |
|
| 264 | 1 |
_aİstanbul : _bAlfa Yayınları _c2009 |
|
| 300 |
_ax, 286 sayfa ; _c24 cm. |
||
| 336 |
_ametin _btxt _2rdacontent |
||
| 337 |
_aaracısız _bn _2rdamedia |
||
| 338 |
_acilt _bnc _2rdacarrier |
||
| 490 | 1 |
_aAlfa yayınları ; _v1353. |
|
| 490 | 1 |
_aBilgisayar dizisi ; _v274. |
|
| 500 | _aKaynakça ve dizin var. | ||
| 650 | 0 |
_aC (Bilgisayar programlama dili). _94094 |
|
| 650 | 0 |
_aC (Computer program language). _91567 |
|
| 830 | 1 |
_aAlfa yayınları ; _v1353. _93219 |
|
| 830 | 1 |
_aBilgisayar dizisi ; _v274. _92723 |
|
| 942 |
_2lcc _cBK |
||
| 999 |
_c1484 _d1484 |
||